00534nam a2200121 a 45000010005000000030005000050050017000100080041000270400020000681100073000882450165001612600086003264696CDMR20151102140003.0130130s2004||||||||||||||||||||||||||||d aCDMRbcatcCDMR2 aCol·legi de Periodistes de Catalunyab -- Demarcació de Tarragona 0aGuia de la comunicació 2004b: Alt Camp, Baix Camp, Baix Ebre, Baix Penedès, Conca de Barberà, Montsià, Priorat, Ribera d'Ebre, Tarragonès, Terra Alta aTarragonac2004bCol·legi de Periodistes de Catalunya. Demarcació de Tarragona